Vernachlässigte Kinder: Willy Viehweg zum 80. Geburtstag
| Contributors: | ; ; ; |
|---|---|
| Format: | Print Book |
| Language: | German |
| Published: |
Marburg
Elwert
1969
|
| In: |
Heilpädagogische Forschung (3)
Year: 1969 |
| Availability in Tübingen: | Present in Tübingen. IFK: M VI 29 UB: KB 1 A 444 |
| Check availability: | HBZ Gateway |
| Subito Delivery Service: | Order now. |
| Keywords: |
MARC
| LEADER | 00000cam a2200000 c 4500 | ||
|---|---|---|---|
| 001 | 1077525737 | ||
| 003 | DE-627 | ||
| 005 | 20251224215546.0 | ||
| 007 | tu | ||
| 008 | 850101s1969 gw ||||| 00| ||ger c | ||
| 020 | |c : 10.80 | ||
| 035 | |a (DE-627)1077525737 | ||
| 035 | |a (DE-576)007525737 | ||
| 035 | |a (DE-599)BSZ007525737 | ||
| 035 | |a (OCoLC)601379288 | ||
| 035 | |a (OCoLC)310448604 | ||
| 035 | |a (DE-604)8070803862 | ||
| 040 | |a DE-627 |b ger |c DE-627 |e rakwb | ||
| 041 | |a ger | ||
| 044 | |c XA-DE | ||
| 050 | 0 | |a HV763.A6 | |
| 082 | 0 | |a 362.7/0943 | |
| 084 | |a DT 1000 |2 rvk |0 (DE-625)rvk/19974:761 | ||
| 084 | |a DB 4000 |2 rvk |0 (DE-625)rvk/19249: | ||
| 245 | 0 | 0 | |a Vernachlässigte Kinder |b Willy Viehweg zum 80. Geburtstag |c unter Mitarb. von Franziska Has ... hrsg. von Hermann Stutte |
| 264 | 1 | |a Marburg |b Elwert |c 1969 | |
| 300 | |a 112 S. | ||
| 336 | |a Text |b txt |2 rdacontent | ||
| 337 | |a ohne Hilfsmittel zu benutzen |b n |2 rdamedia | ||
| 338 | |a Band |b nc |2 rdacarrier | ||
| 490 | 1 | |a Heilpädagogische Forschung |a Beihefte |v 3 | |
| 500 | |a Festschrift Willy Viehweg | ||
| 583 | 1 | |a Archivierung prüfen |c 20240324 |f DE-4165 |z 2 |2 pdager | |
| 653 | 0 | |a Child welfare |a Germany (West) | |
| 653 | 0 | |a Child psychiatry | |
| 655 | 7 | |a Festschrift |0 (DE-588)4016928-5 |0 (DE-627)104400986 |0 (DE-576)208917802 |2 gnd-content | |
| 689 | 0 | 0 | |d s |0 (DE-588)4030550-8 |0 (DE-627)104360100 |0 (DE-576)208988165 |a Kind |2 gnd |
| 689 | 0 | 1 | |d s |0 (DE-588)4274816-1 |0 (DE-627)104459549 |0 (DE-576)210709820 |a Unterprivilegierung |2 gnd |
| 689 | 0 | |5 (DE-627) | |
| 700 | 1 | |8 1\p |a Has, Franziska |d 1917- |e Mitarb. |0 (DE-588)141169486 |0 (DE-627)703900692 |0 (DE-576)322529921 |4 oth | |
| 700 | 1 | |a Stutte, Hermann |d 1909-1982 |e Hrsg. |0 (DE-588)118619764 |0 (DE-627)079408788 |0 (DE-576)209125594 |4 edt | |
| 700 | 1 | |a Bracken, Helmut von |d 1899-1984 |e Hrsg. |0 (DE-588)118514164 |0 (DE-627)079317103 |0 (DE-576)160396417 |4 edt | |
| 700 | 1 | |a Viehweg, Willy |e GefeierteR |4 hnr | |
| 830 | 0 | |a Heilpädagogische Forschung |p Beihefte |v 3 |9 3 |w (DE-627)130105511 |w (DE-576)015639320 |w (DE-600)503024-9 |7 am | |
| 883 | |8 1\p |a cgwrk |d 20241001 |q DE-101 |u https://d-nb.info/provenance/plan#cgwrk | ||
| 889 | |w (DE-576)9116319435 | ||
| 889 | |w (DE-627)116319437 | ||
| 935 | |i mdedup | ||
| 936 | r | v | |a DT 1000 |b Allgemeines und Deutschland |k Pädagogik |k Heilpädagogik, Sonderpädagogik |k Allgemeine einführende Werke, Handbücher, Lexika |k Allgemeines und Deutschland |0 (DE-627)1270710095 |0 (DE-625)rvk/19974:761 |0 (DE-576)200710095 |
| 936 | r | v | |a DB 4000 |b Festschriften |k Pädagogik |k Bibliografien, Nachschlagewerke, Sammelwerke, Sammlungen |k Festschriften |0 (DE-627)1270766791 |0 (DE-625)rvk/19249: |0 (DE-576)200766791 |
| 951 | |a BO | ||
| ELC | |b 1 | ||
| LOK | |0 000 xxxxxcx a22 zn 4500 | ||
| LOK | |0 001 2059107687 | ||
| LOK | |0 003 DE-627 | ||
| LOK | |0 004 1077525737 | ||
| LOK | |0 005 20020115000000 | ||
| LOK | |0 008 910812||||||||||||||||ger||||||| | ||
| LOK | |0 040 |a DE-21 |c DE-627 |d DE-21 | ||
| LOK | |0 852 |a DE-21 | ||
| LOK | |0 852 1 |c KB 1 A 444 |9 00 | ||
| LOK | |0 935 |a krim | ||
| LOK | |0 936ln |a k9.3.3 | ||
| LOK | |0 939 |a 12-08-91 |b l01 | ||
| LOK | |0 000 xxxxxcx a22 zn 4500 | ||
| LOK | |0 001 2059107695 | ||
| LOK | |0 003 DE-627 | ||
| LOK | |0 004 1077525737 | ||
| LOK | |0 005 20020607000000 | ||
| LOK | |0 008 921216||||||||||||||||ger||||||| | ||
| LOK | |0 040 |a DE-21-110 |c DE-627 |d DE-21-110 | ||
| LOK | |0 852 |a DE-21-110 | ||
| LOK | |0 852 1 |c M VI 29 |m p |9 00 | ||
| LOK | |0 935 |a k110 | ||
| LOK | |0 936ln |a 8.6.5 | ||
| LOK | |0 938 |k p | ||
| LOK | |0 939 |a 16-12-92 |b l01 | ||
| ORI | |a SA-MARC-krimdoka001.raw | ||
| SIG | |a IFK: M VI 29 | ||
| SIG | |a UB: KB 1 A 444 | ||
